| 000 | 00413nam a22001457a 4500 | ||
|---|---|---|---|
| 005 | 20240316111419.0 | ||
| 008 | 240316b ||||| |||| 00| 0 eng d | ||
| 040 | _cAL | ||
| 041 | _aeng | ||
| 082 |
_223 _a658.8 _bCONS |
||
| 245 | _aStudy on Customer Satisfaction of TVS Motor Cycles in Mangalore | ||
| 260 |
_aMangalore _bSt Aloysius College _c2004 |
||
| 700 |
_aLUIZ (Darel Thomson) _9154858 |
||
| 942 |
_2ddc _cPRO |
||
| 999 |
_c230447 _d230447 |
||